000
00261nam a2200109Ia 4500
008
220120s9999||||xx |||||||||||||| ||und||
082
_a
005.1 BAN
100
_a
Banerjee
245
0
_a
Sprite of C and data structures
260
_b
New Delhi
300
_a
468p.
_b
72
999
_c
136367
_d
136367